Từ địa phương trong tác phẩm Đất Rừng Phương Nam của nhà văn Đoàn Giỏi

Khảo sát từ địa phương trong tác phẩm "Đất rừng phương Nam" của nhà văn Đoàn Giỏi và Giá trị từ địa phương trong tác phẩm

Αποθηκεύτηκε σε:
Λεπτομέρειες βιβλιογραφικής εγγραφής
Κύριος συγγραφέας: Nguyễn, Thị Tình
Άλλοι συγγραφείς: Lê Thị Ngọc Luyến ThS (Hướng dẫn)
Μορφή: Βιβλίο
Γλώσσα:Vietnamese
Έκδοση: Đại học Đà Nẵng Trường Đại học Sư Phạm 2011
Σειρά:Khóa luận tốt nghiệp Đại học. Chuyên ngành: Sư phạm tiểu học mầm non
Θέματα:
Ετικέτες: Προσθήκη ετικέτας
Δεν υπάρχουν, Καταχωρήστε ετικέτα πρώτοι!
Thư viện lưu trữ: Mạng thư viện Đại học Đà Nẵng
LEADER 01733nam a2200409 4500
001 000011341
003 7581
005 20120203100234.0
008 120203s2011 viesd
041 |a vie 
072 |a Khóa luận tốt nghiệp 
082 |a 808.3  |b NG-T 
100 |a Nguyễn, Thị Tình 
245 |a Từ địa phương trong tác phẩm Đất Rừng Phương Nam của nhà văn Đoàn Giỏi  |c Nguyễn, Thị Tình 
260 |a Đại học Đà Nẵng  |b Trường Đại học Sư Phạm  |c 2011 
300 |a 85 tr.  |b Tóm tăt, đĩa CD kèm theo  |c 29 cm 
490 |a Khóa luận tốt nghiệp Đại học. Chuyên ngành: Sư phạm tiểu học mầm non 
500 |a Tham khảo trang 84 
520 |a Khảo sát từ địa phương trong tác phẩm "Đất rừng phương Nam" của nhà văn Đoàn Giỏi và Giá trị từ địa phương trong tác phẩm 
653 |a tiểu học 
653 |a Đất rừng phương Nam 
653 |a Khóa luận tốt nghiệp Đại học 
653 |a Khoa Giáo dục tiểu học mầm non 
653 |a Từ địa phương 
653 |a Đoàn Giỏi 
653 |a Đất rừng phương Nam 
700 |a Lê Thị Ngọc Luyến  |c ThS  |e Hướng dẫn 
OWN |a LSP 
AVA |a UDN50  |b LSP  |d 808.3 NG-T  |e available  |t Error 5001 Not defined in file expand_doc_bib_avail.  |f 1  |g 0  |h N  |i 0  |k 1 
999 |a From the UDN01 
AVA |a UDN50  |b LSP  |d 808.3 NG-T  |e available  |t Error 5001 Not defined in file expand_doc_bib_avail.  |f 1  |g 0  |h N  |i 0  |k 1 
TYP |a Monograph 
TYP |a Printed language 
980 |a Mạng thư viện Đại học Đà Nẵng